|
|
|
|
| LEADER |
00000nam a2200000 a 4500 |
| 001 |
vtls001279072 |
| 003 |
SK-MaSNL |
| 005 |
20260301155231.0 |
| 008 |
251124s1948 RU c 0 rus |
| 035 |
|
|
|a SNK000230412
|
| 040 |
|
|
|a SNK
|b slo
|c SNK
|e AACR2
|
| 044 |
|
|
|a RU
|
| 245 |
1 |
|
|a Belinskij v vospominanijach sovremennikov
|c redakcija F. M. Golovenčenko
|
| 260 |
|
|
|a Moskva
|b Gosudarestvennoje izdateľstvo chudožestvennoj literatury
|c 1948
|
| 300 |
|
|
|a 479 s., [14] fot. príl.
|c 23 cm
|
| 700 |
1 |
|
|a Golovenčenko, F. M.
|4 upr
|9 519198
|
| 999 |
|
|
|c 800042
|d 801972
|
| 952 |
|
|
|t P60, <04>, [BOOK], {604}
|a SNK
|b SNK
|y VYP
|7 0
|p 17A0053669
|o snkIC 6965
|i snkI. 3608/48
|0 0
|1 0
|4 0
|d 1997-03-07
|l 0
|r 2005-01-02 00:00:00
|w 2026-02-24
|